Statistics for Song: Arctic Monkeys

Click here to take the quiz!

General Stats

  • This quiz has been taken 39 times
  • The average score is 36 of 90

Answer Stats

Lyrics% Correct
A
97%
a
97%
a
97%
A
97%
I
94%
The
78%
the
78%
the
78%
And
75%
on
72%
my
63%
my
63%
to
63%
to
63%
to
63%
When
63%
your
59%
If
56%
If
56%
it
56%
it
56%
it
56%
it
56%
it
56%
it
56%
it
56%
it
56%
me
56%
what
53%
what
53%
what
53%
what
53%
what
53%
of
50%
that
50%
Then
41%
Then
41%
all
34%
with
34%
head
31%
say
31%
say
31%
say
31%
some
31%
or
28%
That's
28%
that's
28%
that's
28%
that's
28%
thats
28%
around
25%
fun
25%
takes
25%
takes
25%
takes
25%
takes
25%
takes
25%
wrap
25%
York:
25%
back
22%
Branch
22%
Executive
22%
goodnight
22%
goodnight
22%
goodnight
22%
Having
22%
makes
22%
perfect
22%
Richard
22%
sense
22%
Sometimes
22%
warm-up
22%
act
19%
ain't
19%
final
19%
hotel
19%
invincible
19%
Keep
19%
notepad
19%
onto
19%
race
19%
reminding
19%
straight
19%
streak
19%
sum
19%
turns
19%
figure
16%
four
16%
money
16%
revelation
16%

Score Distribution

Percentile by Number Answered

Percent of People with Each Score

Your Score History

You have not taken this quiz